000 00377nam a2200133Ia 4500
005 20260328101511.0
008 260328s9999||||xx |||||||||||||| ||und||
100 _aWhite, Morton
245 0 _aEl intelectual contra la Ciudad :
_b de Thomas Jefferson a Frank Lloyd Wright /
_cMorton White
260 _bEdiciones Infinito
300 _a254 p.
650 _aURBANISMO
942 _cBK
999 _c9216
_d9216